[Event "FIDE Womens Grand Swiss 2021"]
[Site "Riga"]
[Date "2021.10.30"]
[Round "4.2"]
[White "Zhu, Jiner"]
[Black "Harika, Dronavalli"]
[Result "1/2-1/2"]
[WhiteElo "2455"]
[BlackElo "2511"]
[Annotator "TA"]
[PlyCount "116"]
[EventDate "2021.10.27"]
[EventType "swiss"]
[EventCountry "LAT"]
[Tiebreak "Cut1 Buchholz+Sonneborn-Berger (Swiss)"]
[SourceTitle "playchess.com"]
[Source "ChessBase"]
[SourceQuality "1"]

{[%evp 9,116,33,48,25,14,34,33,25,23,39,37,28,32,27,41,33,31,2,57,-23,34,30,34,
44,48,20,16,17,26,0,54,49,58,42,41,37,46,44,48,56,60,37,39,35,49,43,41,16,54,
60,51,58,47,0,0,0,109,0,0,0,0,0,0,0,0,0,0,0,0,0,0,0,0,0,0,0,0,0,0,0,0,0,0,0,0,
0,0,0,0,0,0,-2,0,0,0,-4,-3,-8,0,0,0,-2,0,-2,0,-3,0,-4,0]} 1. e4 e5 2. Nf3 Nc6
3. Bb5 a6 4. Ba4 Bc5 5. O-O Nge7 6. Nxe5 {[%mdl 64] [#] Remove Defender, Decoy.
C70: Ruy Lopez: 3...a6 4 Ba4, Norwegian and Delayed Schliemann.} Nxe5 7. d4 b5
{And now ...Bb6 would win.} 8. Bb3 {White is slightly better.} Bxd4 9. Qxd4 d6
{Hoping for ...c5.} 10. c3 c5 11. Qd1 c4 12. Bc2 O-O 13. f4 {[#]} Ng4 $146 (
13... Qb6+ $11 14. Kh1 Nd3) ({Predecessor:} 13... Qb6+ 14. Kh1 Ng4 15. Qf3 f5
16. h3 Nf6 17. Be3 Qc7 18. Nd2 Bb7 19. Bd4 Nxe4 20. Nxe4 {1/2-1/2 (61)
Sadzikowski,D (2527)-Kanarek,M (2481) Legnica 2021}) 14. Qf3 (14. h3 $14 Nf6
15. Be3) 14... d5 (14... f5 $11) 15. h3 Nf6 16. e5 Ne4 17. Bxe4 (17. Be3 {
seems wilder.} Bf5 18. Na3 Bg6 19. g4 f5 20. Qg2) 17... dxe4 18. Qxe4 Bf5 19.
Qf3 Ra7 ({Black should try} 19... Ng6 $11) 20. Nd2 $14 Rd7 21. Ne4 Rd3 22. Be3
{aiming for Nc5.} Bxe4 23. Qxe4 Qd5 24. Qxd5 Nxd5 25. Bd4 Rd2 26. Rab1 Re8 27.
f5 Ne7 28. Rbe1 Nc6 29. Rf2 Rd3 30. Rf4 Rd2 31. Rf2 Rd3 32. Re4 Rd8 (32... Nxd4
$11 {remains equal.} 33. Rxd4 (33. cxd4 Rd8 $11) 33... Rxe5) 33. e6 (33. Be3
$16) 33... Nxd4 $11 {The position is equal.} 34. e7 {[%cal Re7d8][%mdl 64] [#]
Zwischenzug} Re8 {White must now prevent ...Nc6.} ({Much worse is} 34... Rd1+
$6 35. Rf1 $16 (35. Kh2 Re8 $11)) 35. cxd4 {[%mdl 4096] Endgame f6 is the
strong threat. KRR-KRR} f6 $1 36. Rfe2 Kf7 37. Kf2 a5 38. Ke1 b4 39. Rc2 c3 40.
bxc3 $1 bxc3 41. Ke2 Rg3 42. Kf2 Rd3 43. Rce2 g6 44. fxg6+ (44. Rh4 {looks
sharper.} Kg7 45. fxg6 hxg6 46. Rhe4 Kf7 47. g3) 44... hxg6 45. R4e3 Rxd4 46.
Rxc3 Rxe7 47. Rxe7+ Kxe7 {KR-KR} 48. Ke3 Ra4 49. a3 Kd6 50. g3 f5 51. Rd3+ Ke5
52. Kf3 g5 53. Rb3 Ke6 54. Rb6+ Ke5 55. Rb5+ Ke6 56. Rb6+ Ke5 57. Rb5+ Ke6 58.
Rb6+ Ke5 {Weighted Error Value: White=0.11/Black=0.12} 1/2-1/2

[Event "FIDE Womens Grand Swiss 2021"]
[Site "Riga"]
[Date "2021.10.30"]
[Round "4.3"]
[White "Lei, Tingjie"]
[Black "Gunina, Valentina"]
[Result "1-0"]
[WhiteElo "2505"]
[BlackElo "2462"]
[Annotator "TA"]
[PlyCount "143"]
[EventDate "2021.10.27"]
[EventType "swiss"]
[EventCountry "LAT"]
[Tiebreak "Cut1 Buchholz+Sonneborn-Berger (Swiss)"]
[SourceTitle "playchess.com"]
[Source "ChessBase"]
[SourceQuality "1"]

{[%evp 9,143,19,10,12,22,15,16,0,12,12,12,11,19,0,4,-9,0,0,0,0,5,0,0,0,0,0,73,
36,83,88,71,83,113,114,170,186,216,180,295,293,235,278,306,347,462,292,370,230,
361,362,427,416,501,272,283,285,294,306,256,220,333,283,322,266,267,275,264,
262,274,272,259,226,214,217,214,160,251,244,333,329,336,333,333,326,335,335,
441,437,443,425,396,339,332,248,339,339,340,340,310,278,977,1046,993,880,1458,
1302,1409,1341,4137,4137,4133,4080,4133,3496,3073,2702,5834,4422,29977,29978,
29978,29976,29980,29981,29983,29982,29981,29982,29984,29983,29986,29987,29989,
29966,29990,29991]} 1. e4 c6 2. Nf3 d5 3. d3 Qc7 4. Nc3 dxe4 5. dxe4 e5 6. Bc4
{B10: Caro-Kann: 2 d3 and 2 c4.} b5 7. Bb3 h6 {[#]} 8. Qe2 $146 {The position
is equal.} ({Predecessor:} 8. O-O Nf6 9. Re1 Nbd7 10. a4 b4 11. Ne2 Bc5 12. Ng3
O-O 13. h3 Rd8 14. Nh4 {1-0 (37) Alekseenko,K (2703)-Karjakin,S (2757) Moscow
2021}) 8... Nf6 9. a4 b4 10. Nd1 Bc5 11. Bc4 Nbd7 12. b3 Bd6 13. Bb2 Nc5 14.
Nd2 O-O 15. f3 Ne6 16. Bxe6 Bxe6 17. Nc4 Nh5 (17... Nd7 $11 {remains equal.})
18. g3 Rad8 19. Nde3 {Black is now going downhill.} Bc5 20. Nxe5 Rfe8 21. Nd3
Bb6 {[#]} (21... Qb6 $16 {was worth a try.}) 22. O-O-O $1 $18 f5 23. e5 c5 {[#]
} (23... f4 $142) 24. g4 $1 fxg4 25. fxg4 c4 26. Nxc4 ({Weaker is} 26. gxh5
cxd3 27. Rxd3 Rxd3 $15) 26... Nf6 27. Nd6 ({Not} 27. exf6 Bxc4 28. Qf3 Bd5 $11)
27... Bxb3 28. Nxe8 Rxe8 (28... Nxe8 {is a better defense.} 29. Nxb4 Rc8) 29.
Nxb4 {Threatens to win with Qf3.} a5 {[#]} 30. Qf3 $1 Bf7 (30... Bxa4 31. Qa3)
31. Qc6 Qxc6 32. Nxc6 Nxg4 {intending ...Nf2.} 33. Bd4 Bc7 34. Rhg1 Be6 (34...
Nxh2 {keeps fighting.} 35. Bc3 Nf3) 35. Rd2 h5 36. Na7 Bd8 {Black hopes to
continue with ...Bg5.} 37. h3 Nh6 38. Rd3 Nf5 39. Nc6 Bc7 40. Bc3 Bb6 41. Rf1
Ne3 42. Bxa5 Nxf1 (42... Bc4 $16) 43. Bxb6 h4 44. Bd8 Ng3 45. Bxh4 Nf5 46. Bg5
Bc4 47. Rd8 Rxd8 48. Nxd8 {[%mdl 4096] Endgame KBN-KBN} Nd4 49. Kb2 {Black
must now prevent Kc3.} Nf3 50. Bf4 g5 51. Be3 Bf1 52. e6 {Intending e7 and
mate.} Kf8 53. a5 {[%cal Ba4a5,Ba5a6][%mdl 32]} Ke7 54. Bb6 Bxh3 $2 (54... Nh4
55. Kc3 Nf5) 55. a6 Ne5 56. Kc3 Bg2 57. Kd4 Ng6 58. Kc5 Ba8 59. Nb7 Kxe6 60.
Bd8 g4 61. Kb6 Ne5 62. Ka7 Nc6+ 63. Kxa8 Kd7 64. Bh4 {White mates.} Kc7 65. Bf2
Nb4 66. a7 Kc8 67. Nd6+ Kc7 {[#]} 68. c4 $1 Na6 (68... Nc6 69. Ne8+) 69. Nb5+
Kc8 70. Bb6 g3 71. Nd6+ Kd7 {[#]} 72. Kb7 $1 {Weighted Error Value: White=0.24/
Black=0.33} 1-0

[Event "FIDE Womens Grand Swiss 2021"]
[Site "Riga"]
[Date "2021.10.30"]
[Round "4.4"]
[White "Pogonina, Natalija"]
[Black "Batsiashvili, Nino"]
[Result "1/2-1/2"]
[WhiteElo "2467"]
[BlackElo "2484"]
[Annotator "TA"]
[PlyCount "60"]
[EventDate "2021.10.27"]
[EventType "swiss"]
[EventCountry "LAT"]
[Tiebreak "Cut1 Buchholz+Sonneborn-Berger (Swiss)"]
[SourceTitle "playchess.com"]
[Source "ChessBase"]
[SourceQuality "1"]

{[%evp 13,60,15,20,13,21,28,28,33,33,24,20,39,20,8,8,4,5,3,6,0,6,12,29,0,0,0,0,
0,0,0,0,0,0,0,2,0,1,0,1,0,0,0,0,0,0,0,0,0,0]} 1. d4 d5 2. Nf3 Nf6 3. g3 e6 4.
Bg2 Be7 5. c4 O-O 6. O-O dxc4 7. Qc2 b5 8. a4 {E05: Open Catalan: 5 Nf3 Be7.}
Bb7 9. axb5 a6 10. Nc3 {White has an edge.} axb5 11. Rxa8 Bxa8 12. Nxb5 Bd5 13.
Nc3 Bxf3 14. Bxf3 Qxd4 15. Be3 Qe5 {[#]} 16. Rd1 $146 ({Predecessor:} 16. Qa4
Nd5 17. Nxd5 exd5 18. b3 cxb3 19. Qxb3 Bg5 20. Bxg5 Qxg5 21. Bxd5 Nd7 22. Rd1 {
1/2-1/2 (43) Swiercz,D (2649)-Yoo,C (2455) Chess.com INT 2020}) 16... Nbd7 17.
Qa4 Nb6 18. Bxb6 cxb6 {The position is equal.} 19. Qxc4 Qc5 20. Qb3 Rd8 21.
Rxd8+ Bxd8 22. Qa4 g6 23. Qa8 Qf8 24. Qb7 Qe7 25. Qc6 Qc7 26. Qa8 Kg7 27. Kg2
Be7 28. Qa4 Qc5 29. Qb3 Qd4 30. e3 Qd6 {Weighted Error Value: White=0.03/
Black=0.02} 1/2-1/2

[Event "FIDE Womens Grand Swiss 2021"]
[Site "Riga"]
[Date "2021.10.30"]
[Round "4.5"]
[White "Abdumalik, Zhansaya"]
[Black "Javakhishvili, Lela"]
[Result "1/2-1/2"]
[WhiteElo "2507"]
[BlackElo "2446"]
[Annotator "TA"]
[PlyCount "79"]
[EventDate "2021.10.27"]
[EventType "swiss"]
[EventCountry "LAT"]
[Tiebreak "Cut1 Buchholz+Sonneborn-Berger (Swiss)"]
[SourceTitle "playchess.com"]
[Source "ChessBase"]
[SourceQuality "1"]

{[%evp 13,79,22,17,16,27,25,23,26,31,15,17,1,13,0,0,-14,0,0,0,0,0,-3,7,0,0,0,
23,32,162,180,156,158,202,196,185,182,186,189,179,176,184,167,254,262,248,250,
552,439,354,336,459,206,205,196,170,168,149,0,0,0,0,0,0,0,0,0,0,0]} 1. e4 c5 2.
Nf3 a6 3. Nc3 b5 4. d4 cxd4 5. Nxd4 Bb7 6. Bd3 e6 7. O-O Nc6 8. Be3 {B43:
Sicilian: Kan Variation: 5 Nc3.} Ne5 9. f4 Nxd3 10. cxd3 {White has an edge.}
Nf6 {[#]} 11. a3 $146 ({Predecessor:} 11. Qf3 d6 12. h3 Be7 13. Rac1 O-O 14. g4
Rc8 15. a3 Nd7 16. Rcd1 d5 17. e5 {0-1 (59) Mulligan,S (2006)-De Verdier,M 
(2306) Dublin 2019}) 11... Be7 12. Kh1 d6 13. b4 O-O 14. Nb3 Rc8 15. Rc1 Qd7
16. Qe2 Rfe8 17. Rc2 Bf8 18. Rfc1 e5 19. fxe5 Rxe5 20. Bd4 Rg5 (20... Ree8 $14)
21. Na5 $18 Ba8 22. Nd5 $1 $36 {[%cal Rd5f6][%mdl 2048] Keeping Black busy.}
Rxc2 23. Nxf6+ gxf6 24. Qxc2 (24. Rxc2 f5 $11) 24... Qg4 25. h3 Qf4 {
Threatening ...d5.} 26. Nb3 f5 {[%cal Rf5e4]} 27. Qc8 {[#] Bf6 is the strong
threat.} Qg3 (27... Bxe4 $142 28. dxe4 Qxe4) 28. Rg1 Qxd3 29. Qxa8 {Black must
now prevent Bf6.} Rg3 $2 {[#]} (29... Qxe4 30. Qxe4 (30. Qxa6 Rg3 $17) 30...
fxe4) 30. Nc5 $1 {[%mdl 512] Nd7 would kill now.} Qxd4 31. Nd7 {[%csl Gd7]
[%cal Ra8f8]} Qg7 32. exf5 (32. Rc1 $142) 32... f6 33. Nxf8 Qxf8 34. Qxa6 {
[%mdl 4096] Endgame And now Re1 would win. KQR-KQR} Qe7 35. Rc1 (35. Qxb5 $16 {
Hoping for a4.} Qe4 36. Kh2 (36. Qb8+ Kg7 $16) 36... Rxa3 37. Qb8+ Kf7 38. Qc7+
(38. Qxd6 Qxf5 39. Qc7+ Kg6 $16) 38... Kg8 39. Qd8+ (39. Qxd6 Qxf5 40. Qb8+ Kg7
$16) 39... Kg7 40. Qc7+ (40. Qxd6 Qxf5 41. Qc7+ Kg6 $16) 40... Kg8 41. Qxd6
Qxf5 42. Qb8+ Kg7 43. Qc7+ Kg6 44. Qc4) 35... Rxh3+ $11 {The position is equal.
} 36. gxh3 Qe4+ 37. Kh2 Qe2+ 38. Kg3 {White wants to mate with Qc8+.} Qe3+ 39.
Kg2 {White threatens Qc8+ and mate.} Qe2+ 40. Kg3 {Black defended with fortune.
Weighted Error Value: White=0.23/Black=0.24} 1/2-1/2

[Event "FIDE Womens Grand Swiss 2021"]
[Site "Riga"]
[Date "2021.10.30"]
[Round "4.6"]
[White "Kosteniuk, Alexandra"]
[Black "Assaubayeva, Bibisara"]
[Result "1-0"]
[WhiteElo "2518"]
[BlackElo "2400"]
[Annotator "TA"]
[PlyCount "89"]
[EventDate "2021.10.27"]
[EventType "swiss"]
[EventCountry "LAT"]
[Tiebreak "Cut1 Buchholz+Sonneborn-Berger (Swiss)"]
[SourceTitle "playchess.com"]
[Source "ChessBase"]
[SourceQuality "1"]

{[%evp 17,89,31,31,27,29,11,13,-15,-2,-5,0,0,-8,-13,61,52,57,63,67,0,0,0,0,0,0,
0,0,0,0,0,3,0,9,0,0,-44,-40,-32,-21,-17,-17,-26,-23,-31,0,0,0,0,0,-18,0,0,0,0,
0,-59,0,0,0,0,0,0,8,6,84,84,118,84,120,112,125,120,293,278]} 1. e4 c5 2. Nf3 d6
3. d4 cxd4 4. Nxd4 Nf6 5. Nc3 a6 6. g3 g6 7. Bg2 Bg7 8. O-O O-O 9. h3 Nc6 10.
Be3 {B91: Sicilian Najdorf: 6 g3.} Rb8 {[#]} 11. b3 $146 ({Predecessor:} 11.
Nd5 Nd7 12. c4 Nc5 13. Rb1 Bd7 14. b4 Nxd4 15. Bxd4 Ba4 16. Qd2 Bxd4 17. Qxd4
Ne6 {0-1 (41) Djukic,N (2747)-Corrales Jimenez,F (2803) Chess.com INT 2018})
11... Qc7 12. Nde2 {The position is equal.} e6 13. Qd2 b5 14. Rad1 Rd8 15. Bg5
b4 ({Black should play} 15... Ne7 $11) 16. Na4 Bb7 17. Qf4 Qe7 18. Rd2 (18. c4
$14) 18... Ne5 $11 19. c4 h6 $1 {[%cal Rh6g5]} 20. Bxf6 Bxf6 21. Qe3 Bc6 {
Threatens to win with ...Bxa4.} 22. Nb2 Ba8 23. Rfd1 Nc6 24. Na4 ({But not} 24.
Qxh6 $2 Bg5 $19) 24... h5 25. f4 h4 26. Rd3 hxg3 27. Qxg3 Kh7 28. Qg4 Bh4 {
And now ...f5 would win.} 29. Bf3 a5 30. Kh2 e5 {...exf4 is the strong threat.}
31. f5 Qf6 32. fxg6+ fxg6 33. Bg2 Kg7 34. c5 Nd4 35. Nxd4 exd4 36. Rxd4 (36.
Kh1 $11 Qg5 37. Qxg5 Bxg5 38. Rxd4 dxc5 39. Nxc5 Rxd4 40. Rxd4) 36... dxc5 (
36... Qe5+ $1 $15 37. Kh1 dxc5 38. Rd7+ Rxd7 39. Rxd7+ Be7) 37. Rd7+ Rxd7 38.
Rxd7+ Kh6 39. Nxc5 {[%cal Ba4c5,Bc5e6,Be6d8][%mdl 32]} Qe5+ 40. Kh1 Bf2 (40...
Qg3 $11 {keeps the balance.}) 41. Ne6 $16 {aiming for h4.} Bc6 42. Rd2 $40 {
[%cal Rd2f2][%mdl 128] Black is in trouble.} Bg3 43. Rd3 $1 {[%cal Rd3g3]} Bf2
{[#]} 44. h4 $1 Re8 $2 {[#]} (44... Be8 $16) 45. Nd8 $1 {[%cal Rd8f7] Weighted
Error Value: White=0.09/Black=0.18} 1-0

[Event "FIDE Womens Grand Swiss 2021"]
[Site "Riga"]
[Date "2021.10.30"]
[Round "4.7"]
[White "Padmini, Rout"]
[Black "Kashlinskaya, Alina"]
[Result "0-1"]
[WhiteElo "2380"]
[BlackElo "2493"]
[Annotator "RC"]
[PlyCount "70"]
[EventDate "2021.10.27"]
[EventType "swiss"]
[EventCountry "LAT"]
[Tiebreak "Cut1 Buchholz+Sonneborn-Berger (Swiss)"]
[SourceTitle "playchess.com"]
[Source "ChessBase"]
[SourceQuality "1"]
[TimeControl "40/6000+30:20/3000+30:900+30"]

1. Nf3 {[%emt 0:10:20]} Nf6 {[%emt 0:10:06]} 2. g3 {[%emt 0:00:07]} g6 {
[%emt 0:00:06]} 3. Bg2 {[%emt 0:00:10]} Bg7 {[%emt 0:00:15]} 4. O-O {[%emt 0:
00:19]} c5 {[%emt 0:00:25]} 5. d3 {[%emt 0:08:25]} Nc6 {[%emt 0:04:16]} 6. e4 {
[%emt 0:00:38]} d5 {[%emt 0:04:16]} 7. Nbd2 {[%emt 0:07:13]} O-O {[%emt 0:00:
16]} 8. a4 {[%emt 0:01:12]} e5 {[%emt 0:03:42]} 9. Re1 {[%emt 0:02:38]} Re8 {
[%emt 0:01:27]} 10. h3 {[%emt 0:02:04]} h6 {[%emt 0:10:13]} 11. exd5 {[%emt 0:
03:14]} Nxd5 {[%emt 0:00:05]} 12. Nc4 {[%emt 0:00:26]} Ndb4 {[%emt 0:09:55]}
13. Bd2 {[%emt 0:10:20]} Rb8 {[%emt 0:04:42]} 14. Qc1 {[%emt 0:02:54]} Kh7 {
[%emt 0:00:53]} 15. a5 {[%emt 0:08:19]} Qc7 {[%emt 0:01:13]} 16. Re4 {[%emt 0:
03:57]} g5 {[%emt 0:08:46]} 17. c3 {[%emt 0:07:53]} Nxd3 {[%emt 0:06:05]} 18.
Qc2 {[%emt 0:00:10]} f5 {[%emt 0:00:13]} 19. Qxd3 {[%emt 0:01:16]} fxe4 {
[%emt 0:04:05]} 20. Qxe4+ {[%emt 0:00:02]} Kg8 {[%emt 0:02:06]} 21. h4 {
[%emt 0:13:56]} gxh4 {[%emt 0:05:20]} 22. Nxh4 {[%emt 0:00:07]} Be6 {[%emt 0:
02:56]} 23. Nf5 {[%emt 0:02:23]} h5 {[%emt 0:01:14]} 24. a6 {[%emt 0:00:54]}
Rf8 {[%emt 0:08:06]} 25. Nxg7 {[%emt 0:04:04]} Qxg7 {[%emt 0:01:32]} 26. axb7 {
[%emt 0:00:12]} Ne7 {[%emt 0:00:39]} 27. Ne3 {[%emt 0:02:28]} Bd7 {[%emt 0:07:
55]} 28. Ra6 {[%emt 0:03:14]} Bb5 {[%emt 0:04:40]} 29. Re6 {[%emt 0:01:17]}
Rxf2 {[%emt 0:00:15]} 30. Nd5 {[%emt 0:06:39]} Qxg3 {[%emt 0:03:14]} 31. Nxe7+
{[%emt 0:07:36]} Kf7 {[%emt 0:00:05]} 32. Rf6+ {[%emt 0:01:19]} Rxf6 {[%emt 0:
03:07]} 33. c4 {[%emt 0:00:24]} Kxe7 {[%emt 0:00:43]} 34. cxb5 {[%emt 0:00:28]}
Rg6 {[%emt 0:00:25]} 35. Be3 {[%emt 0:00:47]} Qxg2+ {[%emt 0:01:01]} 0-1

[Event "FIDE Womens Grand Swiss 2021"]
[Site "Riga"]
[Date "2021.10.30"]
[Round "4.8"]
[White "Arakhamia-Grant, Ketevan"]
[Black "Badelka, Olga"]
[Result "1/2-1/2"]
[WhiteElo "2376"]
[BlackElo "2438"]
[Annotator "NA"]
[PlyCount "133"]
[EventDate "2021.10.27"]
[EventType "swiss"]
[EventCountry "LAT"]
[Tiebreak "Cut1 Buchholz+Sonneborn-Berger (Swiss)"]
[SourceTitle "playchess.com"]
[Source "ChessBase"]
[SourceQuality "1"]
[TimeControl "40/6000+30:20/3000+30:900+30"]

1. e4 {[%emt 0:10:05]} e5 {[%emt 0:10:09]} 2. Nf3 {[%emt 0:00:09]} Nc6 {
[%emt 0:00:06]} 3. Bc4 {[%emt 0:00:23]} Bc5 {[%emt 0:00:19]} 4. c3 {[%emt 0:00:
15]} Nf6 {[%emt 0:00:23]} 5. d3 {[%emt 0:00:09]} h6 {[%emt 0:01:09]} 6. Nbd2 {
[%emt 0:00:31]} d6 {[%emt 0:00:25]} 7. Bb3 {[%emt 0:01:19]} O-O {[%emt 0:02:46]
} 8. h3 {[%emt 0:01:43]} d5 {[%emt 0:09:17]} 9. O-O {[%emt 0:00:38]} dxe4 {
[%emt 0:01:02]} 10. dxe4 {[%emt 0:05:24]} a5 {[%emt 0:09:31]} 11. a4 {[%emt 0:
02:21]} Qe7 {[%emt 0:04:26]} 12. Nh4 {[%emt 0:04:04]} Be6 {[%emt 0:00:50]} 13.
Nf5 {[%emt 0:28:44]} Bxf5 {[%emt 0:00:43]} 14. exf5 {[%emt 0:00:06]} e4 {
[%emt 0:01:20]} 15. Nc4 {[%emt 0:00:21]} Ne5 {[%emt 0:07:57]} 16. Bf4 {[%emt 0:
14:59]} Nd3 {[%emt 0:06:01]} 17. Bg3 {[%emt 0:05:03]} Qd7 {[%emt 0:02:46]} 18.
Ne3 {[%emt 0:00:50]} Bd6 {[%emt 0:08:15]} 19. Bh4 {[%emt 0:17:15]} Be5 {
[%emt 0:00:36]} 20. Bxf6 {[%emt 0:02:43]} Bxf6 {[%emt 0:00:17]} 21. Qg4 {
[%emt 0:00:41]} Nc5 {[%emt 0:18:42]} 22. Rad1 {[%emt 0:01:45]} Qe7 {[%emt 0:05:
35]} 23. Nd5 {[%emt 0:01:37]} Qe5 {[%emt 0:00:10]} 24. f4 {[%emt 0:02:51]} Qd6
{[%emt 0:00:05]} 25. Bc2 {[%emt 0:00:37]} Rad8 {[%emt 0:03:21]} 26. Qe2 {
[%emt 0:03:46]} c6 {[%emt 0:00:51]} 27. Ne3 {[%emt 0:01:34]} Nd3 {[%emt 0:00:
35]} 28. Kh1 {[%emt 0:00:31]} Rfe8 {[%emt 0:02:02]} 29. Ng4 {[%emt 0:01:49]} h5
{[%emt 0:07:27]} 30. Nxf6+ {[%emt 0:01:28]} Qxf6 {[%emt 0:00:03]} 31. Qxh5 {
[%emt 0:00:08]} Rd5 {[%emt 0:00:34]} 32. Qe2 {[%emt 0:00:59]} Nxb2 {[%emt 0:00:
26]} 33. Rxd5 {[%emt 0:00:29]} cxd5 {[%emt 0:00:03]} 34. Qb5 {[%emt 0:00:10]}
Rc8 {[%emt 0:03:19]} 35. Qxb2 {[%emt 0:00:40]} Qxc3 {[%emt 0:04:14]} 36. Qxc3 {
[%emt 0:00:38]} Rxc3 {[%emt 0:00:01]} 37. Bd1 {[%emt 0:00:46]} d4 {[%emt 0:00:
05]} 38. Kg1 {[%emt 0:00:37]} e3 {[%emt 0:01:22]} 39. Re1 {[%emt 0:00:49]} Rc1
{[%emt 0:00:06]} 40. Kf1 {[%emt 0:00:55]} d3 {[%emt 0:00:03]} 41. Bf3 {[%emt 0:
25:34]} e2+ {[%emt 0:20:27]} 42. Bxe2 {[%emt 0:00:17]} dxe2+ {[%emt 0:00:04]}
43. Kxe2 {[%emt 0:00:06]} Rc4 {[%emt 0:01:00]} 44. Kf3 {[%emt 0:16:56]} Rxa4 {
[%emt 0:02:29]} 45. Rb1 {[%emt 0:00:36]} Ra3+ {[%emt 0:03:36]} 46. Kg4 {
[%emt 0:03:43]} a4 {[%emt 0:00:39]} 47. Rxb7 {[%emt 0:00:06]} Rb3 {[%emt 0:00:
03]} 48. Ra7 {[%emt 0:00:20]} a3 {[%emt 0:00:04]} 49. Ra8+ {[%emt 0:01:11]} Kh7
{[%emt 0:00:13]} 50. g3 {[%emt 0:00:34]} f6 {[%emt 0:03:39]} 51. h4 {[%emt 0:
00:59]} Rc3 {[%emt 0:00:27]} 52. h5 {[%emt 0:00:33]} Rb3 {[%emt 0:00:05]} 53.
Kh3 {[%emt 0:00:53]} Rc3 {[%emt 0:01:58]} 54. Kh4 {[%emt 0:00:08]} Rf3 {
[%emt 0:04:09]} 55. Kg4 {[%emt 0:00:06]} Rb3 {[%emt 0:00:07]} 56. Kh4 {[%emt 0:
00:04]} Rf3 {[%emt 0:00:04]} 57. h6 {[%emt 0:01:12]} gxh6 {[%emt 0:02:11]} 58.
Ra7+ {[%emt 0:00:23]} Kg8 {[%emt 0:00:07]} 59. g4 {[%emt 0:00:22]} Rb3 {
[%emt 0:11:47]} 60. Kh5 {[%emt 0:00:22]} Rg3 {[%emt 0:00:05]} 61. Kh4 {[%emt 0:
15:33]} Rf3 {[%emt 0:15:58]} 62. Kh5 {[%emt 0:00:34]} Rg3 {[%emt 0:00:04]} 63.
Kxh6 {[%emt 0:02:53]} Rxg4 {[%emt 0:00:12]} 64. Rxa3 {[%emt 0:00:12]} Kf7 {
[%emt 0:01:08]} 65. Ra7+ {[%emt 0:00:08]} Kf8 {[%emt 0:00:17]} 66. Kh5 {
[%emt 0:00:18]} Rg1 {[%emt 0:00:27]} 67. Ra8+ 1/2-1/2

[Event "FIDE Womens Grand Swiss 2021"]
[Site "Riga"]
[Date "2021.10.30"]
[Round "4.9"]
[White "Lujan, Carolina"]
[Black "Zawadzka, Jolanta"]
[Result "0-1"]
[WhiteElo "2340"]
[BlackElo "2428"]
[Annotator "NA"]
[PlyCount "74"]
[EventDate "2021.10.27"]
[EventType "swiss"]
[EventCountry "LAT"]
[Tiebreak "Cut1 Buchholz+Sonneborn-Berger (Swiss)"]
[SourceTitle "playchess.com"]
[Source "ChessBase"]
[SourceQuality "1"]
[TimeControl "40/6000+30:20/3000+30:900+30"]

1. e4 {[%emt 0:10:06]} c5 {[%emt 0:10:06]} 2. Nf3 {[%emt 0:00:17]} Nc6 {
[%emt 0:00:06]} 3. d4 {[%emt 0:00:19]} cxd4 {[%emt 0:00:05]} 4. Nxd4 {[%emt 0:
00:03]} Nf6 {[%emt 0:00:05]} 5. Nc3 {[%emt 0:00:14]} d6 {[%emt 0:00:05]} 6. g3
{[%emt 0:00:33]} g6 {[%emt 0:00:15]} 7. Bg2 {[%emt 0:00:35]} Nxd4 {[%emt 0:00:
14]} 8. Qxd4 {[%emt 0:00:04]} Bg7 {[%emt 0:00:13]} 9. O-O {[%emt 0:19:46]} O-O
{[%emt 0:00:25]} 10. Qd3 {[%emt 0:01:07]} Nd7 {[%emt 0:02:46]} 11. Nd5 {
[%emt 0:03:28]} e6 {[%emt 0:02:23]} 12. Ne3 {[%emt 0:02:54]} Nc5 {[%emt 0:00:
15]} 13. Qe2 {[%emt 0:13:47]} b6 {[%emt 0:00:40]} 14. e5 {[%emt 0:09:24]} Ba6 {
[%emt 0:01:43]} 15. c4 {[%emt 0:00:20]} Bb7 {[%emt 0:05:41]} 16. Bxb7 {[%emt 0:
13:50]} Nxb7 {[%emt 0:00:07]} 17. exd6 {[%emt 0:00:48]} Nxd6 {[%emt 0:02:36]}
18. Rb1 {[%emt 0:01:14]} Ne4 {[%emt 0:22:09]} 19. Ng4 {[%emt 0:06:02]} f5 {
[%emt 0:02:30]} 20. f3 {[%emt 0:03:02]} fxg4 {[%emt 0:17:19]} 21. Qxe4 {
[%emt 0:02:43]} gxf3 {[%emt 0:03:22]} 22. Qxe6+ {[%emt 0:02:51]} Kh8 {[%emt 0:
00:19]} 23. Bf4 {[%emt 0:01:06]} Qd4+ {[%emt 0:07:36]} 24. Be3 {[%emt 0:04:34]}
Qd3 {[%emt 0:04:05]} 25. Rbd1 {[%emt 0:03:56]} Qe2 {[%emt 0:01:05]} 26. Rd2 {
[%emt 0:00:08]} Rae8 {[%emt 0:01:03]} 27. Rxe2 {[%emt 0:01:27]} Rxe6 {[%emt 0:
00:09]} 28. Ree1 {[%emt 0:00:21]} Bxb2 {[%emt 0:02:44]} 29. Kf2 {[%emt 0:03:10]
} Kg8 {[%emt 0:02:14]} 30. h4 {[%emt 0:03:50]} Bc3 {[%emt 0:08:06]} 31. Rd1 {
[%emt 0:01:11]} Re4 {[%emt 0:00:33]} 32. Rd7 {[%emt 0:01:10]} Be5 {[%emt 0:02:
44]} 33. Rxa7 {[%emt 0:01:55]} Rxc4 {[%emt 0:01:40]} 34. Bxb6 {[%emt 0:00:26]}
Rc6 {[%emt 0:02:09]} 35. Re1 {[%emt 0:00:45]} Rxb6 {[%emt 0:01:04]} 36. Rxe5 {
[%emt 0:00:04]} Rb2+ {[%emt 0:00:04]} 37. Ke3 {[%emt 0:00:35]} Re2+ {[%emt 0:
00:08]} 0-1